000 00953nam a2200277 a 4500
001 000110514
003 CHAP
005 20231010062648.0
008 140905s1985 mx a |r| |||||||spa d
010 _a106976
011 _a107948
040 _cCHAP
090 _aFolleto 18480
245 0 0 _aModu :
_bavance agropecuario /
_ccoord. por Alejandro G. Cerdio de León y Gerardo J. Cerón Aguilar.
260 _aMexico, D.F. :
_bUAM. Unidad Xochimilco. División de Ciencias Biológicas y de la Salud,
_c1985.
300 _a39 p. :
_bil.
500 _aPublicación periodica irregular, núm. 3, 1985.
590 _aE6096MTM
_b05
_c20140905
_lUCH01
_h1156
650 1 7 _aAgricultura
_xPublicaciones periódicas
_2
_91772
650 1 4 _aGanadería
_xPublicaciones periódicas.
_944837
700 1 _aCerdio de León, Alejandro G.
_ecoord.
_9128308
700 1 _aCerón Aguilar, Gerardo J.
_ecoord.
_9128309
901 _aBK
942 _cFOLL
942 _n0
999 _c106976
_d106976